00738nas a2200229Ia 4500001001100000003000900011008004100020040001300061040001300074041001300087100004900100210001300149222001300162245005400175250001100229260003000240501008600270300001900356362003500375500006000410650003800470R224/C6213IT-RoPAU151124c99999999xx |||||||||||| ||und|| aIT-RoPAU cIT-RoPAU aITALIANO aDi Pancrazio PaolagCodice Aut. SPICS: 48193 aBERENICE aBerenice aBERENICE, ANNO 01-N.03 (NOVEMBRE 1993)bGrand Jeu a1a ed. aROMAbPAGINE S.R.L.c1993 bPaulus - SPICS - Società San Paolo EM (non-commercial uses only)cCopyright2015 a9 p. [465-473] aANNO 001, N.03 (NOVEMBRE 1993) aRivista che Inizia nel 1928 e Pubblica Solo Tre Numeri. aESTETICAvPUBBLICAZIONE PERIODICA